Math Quiz #7 - Division Lvl 1 - Statistics

General Stats
  • This quiz has been taken 24 times
  • The average score is 18 of 20
Answer Stats
Problem Quotient % Correct
1/1= 1
100%
3/3= 1
100%
4/4= 1
100%
5/5= 1
100%
6/6= 1
100%
7/7= 1
100%
11/11= 1
100%
12/12= 1
100%
30/3= 10
100%
40/4= 10
100%
50/5= 10
100%
60/6= 10
100%
70/7= 10
100%
80/8= 10
100%
90/9= 10
100%
100/10= 10
100%
110/11= 10
100%
120/12= 10
100%
11/1= 11
100%
22/2= 11
100%
44/4= 11
100%
55/5= 11
100%
88/8= 11
100%
110/10= 11
100%
121/11= 11
100%
132/12= 11
100%
12/1= 12
100%
24/2= 12
100%
36/3= 12
100%
60/5= 12
100%
84/7= 12
100%
144/12= 12
100%
2/1 2
100%
4/2= 2
100%
6/3= 2
100%
8/4= 2
100%
12/6= 2
100%
14/7= 2
100%
16/8= 2
100%
18/9= 2
100%
20/10= 2
100%
24/12= 2
100%
6/2= 3
100%
9/3= 3
100%
12/4= 3
100%
18/6= 3
100%
21/7= 3
100%
24/8= 3
100%
27/9= 3
100%
30/10= 3
100%
33/11= 3
100%
36/12= 3
100%
4/1= 4
100%
12/3= 4
100%
20/5= 4
100%
24/6= 4
100%
28/7= 4
100%
32/8= 4
100%
36/9= 4
100%
40/10= 4
100%
44/11= 4
100%
48/12= 4
100%
10/2= 5
100%
15/3= 5
100%
20/4= 5
100%
25/5= 5
100%
30/6= 5
100%
40/8= 5
100%
45/9= 5
100%
55/11= 5
100%
6/1= 6
100%
12/2= 6
100%
18/3= 6
100%
30/5= 6
100%
36/6= 6
100%
42/7= 6
100%
48/8= 6
100%
54/9= 6
100%
66/11= 6
100%
72/12= 6
100%
14/2= 7
100%
28/4= 7
100%
35/5= 7
100%
42/6= 7
100%
63/9= 7
100%
70/10= 7
100%
77/11= 7
100%
84/12= 7
100%
24/3= 8
100%
32/4= 8
100%
48/6= 8
100%
56/7= 8
100%
64/8= 8
100%
72/9= 8
100%
80/10= 8
100%
88/11= 8
100%
96/12= 8
100%
9/1= 9
100%
18/2= 9
100%
27/3= 9
100%
45/5= 9
100%
63/7= 9
100%
72/8= 9
100%
81/9= 9
100%
90/10= 9
100%
99/11= 9
100%
108/12= 9
100%
9/9= 1
86%
2/2= 1
80%
48/4= 12
80%
96/8= 12
80%
22/11= 2
80%
3/1= 3
80%
56/8= 7
80%
10/10= 1
75%
10/1= 10
75%
20/2= 10
75%
33/3= 11
75%
72/6= 12
75%
132/11= 12
75%
5/1= 5
75%
35/7= 5
75%
60/10= 6
75%
7/1= 7
75%
49/7= 7
75%
16/4= 4
71%
77/7= 11
67%
15/5= 3
67%
50/10= 5
67%
60/12= 5
67%
40/5= 8
67%
120/10= 12
50%
8/2= 4
50%
16/2= 8
50%
8/8= 1
0%
66/6= 11
0%
99/9= 11
0%
108/9= 12
0%
10/5= 2
0%
24/4= 6
0%
21/3= 7
0%
8/1= 8
0%
36/4= 9
0%
54/6= 9
0%
No matching quizzes found
Score Distribution
Percent of People with Each Score
Percentile by Number Answered
Your Score History
You have not taken this quiz